Joinpoint Regression

Vykonávanie Jointpoint regresie prostredníctvom Jointpoint regresie programu na analýzu nemedicínskych údajov.

Uložené v:
Podrobná bibliografia
Hlavný autor: Cibuľa, Milan, 1995-
Ďalší autori: Bérešová, Juliana, 1996-
Médium: Kapitola
Jazyk:English
Predmet:
Tagy: Pridať tag
Žiadne tagy, Buďte prvý, kto otaguje tento záznam!

MARC

LEADER 00000naa$a2200000$$$4500
001 0280833
005 20240502083858.5
041 0 |a eng 
044 |a CZ 
245 1 0 |a Joinpoint Regression  |c Milan Cibuľa, Juliana Bérešová 
520 |a Vykonávanie Jointpoint regresie prostredníctvom Jointpoint regresie programu na analýzu nemedicínskych údajov. 
610 2 0 |a regresia 
610 2 0 |a analýza finančná 
610 2 0 |a mena virtuálna 
610 2 0 |a investori 
610 2 0 |a ceny 
100 1 |a Cibuľa, Milan, 1995- 
700 1 |a Bérešová, Juliana, 1996-